Frequency domain properties of scalar and multivariable feedback systems /

Bibliographic Details
Main Authors: Freudenberg, James Scott, Looze, Douglas Paul (Author)
Corporate Author: SpringerLink (Online service)
Format: eBook
Language:English
Published: Berlin [u.a.] : Springer, 1988.
Series:Lecture notes in control and information sciences ; 104.
Subjects:
Online Access:Connect to the full text of this electronic book

MARC

Tag First Indicator Second Indicator Subfields
LEADER 00000cmm a2200000Mc 4500
001 in00003549513
006 m o d
007 cr |||||||||||
008 100301s1988 xx o u eng d
005 20260420215944.1
020 |a 038718869X 
020 |a 9780387188690 
020 |a 354018869X 
020 |a 9783540188698 
024 7 |a 10.1007/BFb0044565  |2 doi 
035 |a (OCoLC)845712252 
040 |a GBVCP  |b ger  |e rakwb  |c GBVCP  |d UtOrBLW 
049 |a TXAM 
082 0 4 |a 629.8/3 
084 |a *93C35  |2 msc 
084 |a 28  |2 sdnb 
084 |a 70G10  |2 msc 
084 |a 93B17  |2 msc 
084 |a 93B35  |2 msc 
084 |a 93B50  |2 msc 
100 1 |a Freudenberg, James Scott. 
245 1 0 |a Frequency domain properties of scalar and multivariable feedback systems /  |c J. S. Freudenberg; D. P. Looze. 
264 1 |a Berlin [u.a.] :  |b Springer,  |c 1988. 
300 |a 1 online resource (VIII, 281 S.) 
336 |a text  |b txt  |2 rdacontent 
337 |a computer  |b c  |2 rdamedia 
338 |a online resource  |b cr  |2 rdacarrier 
490 1 |a Lecture notes in control and information sciences ;  |v 104 
500 |a Literaturverz. S. [275] - 281 
500 |a Electronic resource. 
653 0 |0 (DE-601)105662615  |0 (DE-588)4135771-1  |a Mehrgrö€enregelungssystem 
653 1 |0 (DE-601)104674849  |0 (DE-588)4121208-3  |a Entwurf 
653 0 |0 (DE-601)104674849  |0 (DE-588)4121208-3  |a Entwurf 
653 2 |0 (DE-601)104408057  |0 (DE-588)4199376-7  |a Frequenzbereichsdarstellung 
653 0 |0 (DE-601)104408057  |0 (DE-588)4199376-7  |a Frequenzbereichsdarstellung 
655 7 |a Electronic books.  |2 local 
700 1 |a Looze, Douglas Paul,  |e author. 
710 2 |a SpringerLink (Online service) 
787 0 8 |i Druckausg.:  |t Freudenberg, James S.: Frequency domain properties of scalar and multivariable feedback systems  |w (DE-601)021730563 
830 0 |a Lecture notes in control and information sciences ;  |v 104. 
856 4 0 |u http://proxy.library.tamu.edu/login?url=https://link.springer.com/10.1007/BFb0044565  |z Connect to the full text of this electronic book  |t 0 
994 |a 92  |b TXA 
999 |a MARS 
999 f f |s 21364015-ed5c-341c-95f5-d87460386252  |i 4872f25e-2534-33bb-818c-1b428db81962  |t 0 
952 f f |a Texas A&M University  |b College Station  |c Electronic Resources  |s www_evans  |d Available Online  |t 0  |h No information provided 
998 f f |t 0  |l Available Online